000 00825nam a22002537a 4500
999 _c3923
_d3923
003 AR-CdUCM
008 190307b ||||| |||| 00| 0 spa d
040 _aMUNICIPALIDAD PROVINCIAL DEL CUSCO
_cBIBLIOTECA MUNICIPAL DEL CUSCO
082 _a828.83 /
_bST79
100 _aStevenson, R.L
_912571
245 _aLa Isla del Tesoro /
260 _aMadrid,
_bSalvat,
_c1970.
300 _a188 paginas ;
_c18cm.
440 _aLibro RTV
_n27
_912572
500 _aColaboracion Alianza Editorial
505 _aContenido: El viejo Bucanero -- El cocinero a bordo -- mi aventura por tierra -- El fortin -- Mi aventura por mar...
650 _aLiteratura
_983
650 _aCuentos
_9312
650 _aEspaƱa
_9176
650 _aSiglo XX
_98
700 _aFernandez Santos, Jesus
_912573
942 _2ddc
_cLIBROS
945 _apjha